000
00195 a2200097 4500
001
83828
090
_c
40033
_d
40033
100
_a
Hitti,P.K.
245
_a
History of the Arabs
260
_b
WWW.palgrave.com
942
_a
NUST-CAE
999
_c
318901
_d
318901